<?xml version="1.0" encoding="UTF-8"?><?xml-stylesheet type="text/xsl" href="static/style.xsl"?><OAI-PMH xmlns="http://www.openarchives.org/OAI/2.0/" xmlns:xsi="http://www.w3.org/2001/XMLSchema-instance" xsi:schemaLocation="http://www.openarchives.org/OAI/2.0/ http://www.openarchives.org/OAI/2.0/OAI-PMH.xsd"><responseDate>2026-04-14T02:47:09Z</responseDate><request verb="GetRecord" identifier="oai:www.recercat.cat:10230/44506" metadataPrefix="marc">https://recercat.cat/oai/request</request><GetRecord><record><header><identifier>oai:recercat.cat:10230/44506</identifier><datestamp>2025-12-22T13:44:11Z</datestamp><setSpec>com_2072_6</setSpec><setSpec>col_2072_452952</setSpec></header><metadata><record xmlns="http://www.loc.gov/MARC21/slim" xmlns:dcterms="http://purl.org/dc/terms/" xmlns:xsi="http://www.w3.org/2001/XMLSchema-instance" xmlns:doc="http://www.lyncode.com/xoai" xsi:schemaLocation="http://www.loc.gov/MARC21/slim http://www.loc.gov/standards/marcxml/schema/MARC21slim.xsd">
   <leader>00925njm 22002777a 4500</leader>
   <datafield ind2=" " ind1=" " tag="042">
      <subfield code="a">dc</subfield>
   </datafield>
   <datafield ind2=" " ind1=" " tag="720">
      <subfield code="a">Díaz Noci, Javier</subfield>
      <subfield code="e">author</subfield>
   </datafield>
   <datafield ind2=" " ind1=" " tag="260">
      <subfield code="c">2020-05-12T08:32:57Z</subfield>
   </datafield>
   <datafield ind2=" " ind1=" " tag="260">
      <subfield code="c">2020-05-12T08:32:57Z</subfield>
   </datafield>
   <datafield ind2=" " ind1=" " tag="260">
      <subfield code="c">2020</subfield>
   </datafield>
   <datafield ind2=" " ind1=" " tag="520">
      <subfield code="a">Automated news, or artificial intelligence systems (AIS)-aided production of news items, has been developed from 2010 onwards. It comprises a variety of practices in which the use of data, software and human intervention is involved in diverse degrees. This can affect the application of intellectual property and copyright law in many ways. Using comparative legal methods, we examine the implications of them for some legal categories, such as authorship (and hence required originality) and types of works, namely collaborative, derivative and, most especially, collective works. Sui generis and neighboring rights are also considered for examination as being appliable to AIS-aided news outputs. Our main conclusion is that the economics intellectual property rights are guaranteed in any case through collective works. We propose a shorter term of duration before entering public domain. Still, there is a place for more authorial, personal rights. It shows, however, more difficulty when coming to moral rights, especially in Common Law countries.</subfield>
   </datafield>
   <datafield ind2=" " ind1=" " tag="520">
      <subfield code="a">This research was funded by the Ministry of Science and Innovation of Spain, grant number RTI2018-095775-B-C43 (Project: News, Networks and users in the hybrid media system. Transformation of the media industry and the news in the post-industrial era).</subfield>
   </datafield>
   <datafield tag="653" ind2=" " ind1=" ">
      <subfield code="a">Automated news</subfield>
   </datafield>
   <datafield tag="653" ind2=" " ind1=" ">
      <subfield code="a">Intellectual property</subfield>
   </datafield>
   <datafield tag="653" ind2=" " ind1=" ">
      <subfield code="a">Copyright law</subfield>
   </datafield>
   <datafield ind2="0" ind1="0" tag="245">
      <subfield code="a">Artificial intelligence systems-aided news and copyright: assessing legal implications for journalism practices</subfield>
   </datafield>
</record></metadata></record></GetRecord></OAI-PMH>